000 00746nam a2200253#a 4500
001 00074
003 HDC
007 ta
008 230623s2002 xx 000 0 eng d
020 _a9839467123 (pbk.).
040 _aHDC
050 _aBP 184.9
_b. L65 2002
100 _aLokman Ab. Rahman
245 0 _aPenyembelihan halal :
_bhukum, teknik & kawalan bakteria /
_cLokman Ab. Rahman
264 _aMelaka :
_bJabatan Agama Islam Melaka,
_c2002
300 _avi,83p. :
_b ill. ;
_c 21cm
500 _aIncludes quotations from the Koran
650 _aMeat
_xReligious aspects
_vIslam
650 _aSlaughtering and slaughter-houses
_xReligious aspects
_vIslam
942 _2lcc
942 _cBK
942 _kBP 184.9
942 _m. L65 2002
999 _c21721
_d21721